00926nam a2200193 i 450000100060000000300090000600500170001500700030003200800410003510000400007624501870011626000500030330000210035350000880037450001310046270000360059371000690062985200340069842089ES-MaACL20230906160539.0t|030312s1953 sp ||||1| spa d1 aCastaños y Fernández, Emiliano.10aPaisajes y habitantes de la provincia de Toledo en el pasado geológico / cdiscurso leído por Emiliano Castaños y Fernández y contestación de Guillermo Téllez González. aToledo : b[s.n., c1953] (fRafael G. Menor) a35 p. ; c24 cm. aPrecede al tít.: Real Academia de Bellas Artes y Ciencias Históricas de Toledo. aEs separata de: Boletín de la Real Academia de Bellas Artes y Ciencias Históricas de Toledo, Año XXVIII-XXIX. nº 64-65.1 aTéllez González, Guillermo.2 aReal Academia de Bellas Artes y Ciencias Históricas de Toledo. aES-MaACLj2002-F-16 bR.42064